书目信息 |
| 题名: |
新日语基础教程2 学习辅导用书
|
|
| 作者: | 财团法人 , 海外技术者研修协会 编著 | |
| 分册: | ||
| 出版信息: | 北京 外语教学与研究出版社 1999.01 |
|
| 页数: | 275页 | |
| 开本: | 16开 | |
| 丛书名: | ||
| 单 册: | ||
| 中图分类: | H36-42 | |
| 科图分类: | ||
| 主题词: | 日语 | |
| 电子资源: | ||
| ISBN: | 7-5600-1571-9 | |
| 000 | 00705nam0 2200205 45 | |
| 001 | 0009100980 | |
| 005 | 20000910091457.2 | |
| 010 | @a7-5600-1571-9@d21.90元 | |
| 100 | @a20000910d1999 km y0chiy0120 ea | |
| 101 | 0 | @achi |
| 105 | @a z 000yy | |
| 200 | 1 | @a新日语基础教程2 学习辅导用书@AXin Ri Yu Ji Chu Jiao Cheng 2 Xue Xi Fu Dao Yong Shu@f(日)财团法人,海外技术者研修协会编著@F(Ri)Cai Tuan Fa Ren,Hai Wai Ji Shu Zhe Yan Xiu Xie Hui Bian Zhu |
| 210 | @a北京@c外语教学与研究出版社@d1999.01 | |
| 215 | @a275页@d16开 | |
| 606 | 0 | @a日语 |
| 690 | @aH36-42@v3 | |
| 701 | 0 | @a财团法人@4编著 |
| 701 | 0 | @a海外技术者研修协会@4编著 |
| 801 | @aCN@bPftUser@c20000910 | |
| 905 | @b133208-212@dH36-42@eC:254:1@f5 | |
| 新日语基础教程2 学习辅导用书/(日)财团法人,海外技术者研修协会编著.-北京:外语教学与研究出版社,1999.01 |
| 275页;16开 |
| ISBN 7-5600-1571-9:21.90元 |
| ● |
| 相关链接 |
|
|
|
正题名:新日语基础教程2学习辅导用书
索取号:H36-42/C:254:1
 
预约/预借
| 序号 | 登录号 | 条形码 | 馆藏地/架位号 | 状态 | 备注 |
| 1 | 133208 | 201332085 | 语言库209/209语言库 125排2列5层/ [索取号:H36-42/C:254:1] | 在馆 | |
| 2 | 133209 | 201332094 | 语言库209/209语言库 125排2列5层/ [索取号:H36-42/C:254:1] | 在馆 | |
| 3 | 133210 | 201332101 | 语言库209/209语言库 125排2列5层/ [索取号:H36-42/C:254:1] | 在馆 | |
| 4 | 133211 | 201332110 | 语言库209/209语言库 125排2列5层/ [索取号:H36-42/C:254:1] | 在馆 | |
| 5 | 133212 | 201332129 | 语言库209/209语言库 125排2列5层/ [索取号:H36-42/C:254:1] | 在馆 |